Statistics for Doctors of the Catholic Church

Click here to take the quiz!

General Stats

  • This quiz has been taken 53 times
  • The average score is 21 of 36

Answer Stats

Answer % Correct
St {John} Damascene
91%
St {John} of Ávila
91%
St {Thomas} Aquinas
91%
St {John} Chrysostom
91%
St {Thérèse} of Lisieux
91%
St {Teresa} of Ávila
91%
St {John} of the Cross
91%
St {Francis} de Sales
89%
St {Augustine} of Hippo
83%
St {Catherine} of Siena
83%
St {Gregory} the Great
80%
St {Gregory} of Narek
80%
St {Gregory} of Nazianzus
80%
St {Peter} Chrysologus
74%
St {Cyril} of Alexandria
63%
St {Cyril} of Jerusalem
63%
St {Anthony} of Lisbon
and Padua
63%
St Jerome
57%
St {Albertus} Magnus
57%
St {Bede} the Venerable
54%
St {Bernard} of Clairvaux
49%
St {Leo} the Great
46%
St {Basil} the Great
43%
St {Hildegard} of Bingen
40%
St {Anselm} of Canterbury
40%
St {Peter} Canisius
40%
St Ambrose
37%
St {Athanasius} of Alexandria
37%
St {Peter} Damian
37%
St {Isidore} of Seville
34%
St {Robert} Bellarmine
34%
St {Lawrence} of Brindisi
29%
St Bonaventure
29%
St {Hilary} of Poitiers
29%
St {Alphonsus} Liguori
26%
St {Ephrem} the Syrian
14%

Score Distribution

Percentile by Number Answered

Percent of People with Each Score

Your Score History

You have not taken this quiz